[Event "AUTO-INT-3356"]
[Site "http://www.queenalice.com/game.php?id=1532391"]
[Date "2018.6.23"]
[Round "1"]
[White "Unicorn"]
[Black "krystian"]
[Result "0-1"]
[WhiteElo "1364"]
[BlackElo "1640"]

1. d3 Nf6 2. e4 e5 3. a3 Nc6 4. Bg5 Be7 5. Nf3 d5 6. exd5 Nxd5 7. Bxe7 Qxe7 8.
Be2 O-O 9. Nbd2 f5 10. c4 Nf6 0-1

[Event "AUTO-INT-3356"]
[Site "http://www.queenalice.com/game.php?id=1532392"]
[Date "2018.6.23"]
[Round "1"]
[White "krystian"]
[Black "Unicorn"]
[Result "1-0"]
[WhiteElo "1645"]
[BlackElo "1359"]

1. e4 e5 2. Nf3 d6 3. d4 h6 4. Bc4 Qf6 5. Nc3 c6 6. d5 b5 7. Be2 b4 8. Na4 Bb7
9. Bc4 Qg6 10. O-O Qxe4 11. Bb3 1-0

[Event "AUTO-OPEN-3946"]
[Site "http://www.queenalice.com/game.php?id=1532475"]
[Date "2018.6.24"]
[Round "1"]
[White "Unicorn"]
[Black "colombHouse"]
[Result "1-0"]
[WhiteElo "1352"]
[BlackElo "2030"]

1. d4 Nf6 2. e3 d5 3. Nf3 e6 4. Bd3 c5 5. O-O Nc6 6. c4 dxc4 7. Bxc4 cxd4 8.
exd4 Bd6 9. Bg5 h6 10. Be3 O-O 11. Nc3 a6 12. a3 b5 13. Bd3 Bb7 14. Rc1 Rc8 15.
h3 Na5 16. b4 Nc4 17. a4 Bxb4 18. axb5 1-0

[Event "AUTO-OPEN-3946"]
[Site "http://www.queenalice.com/game.php?id=1532476"]
[Date "2018.6.24"]
[Round "1"]
[White "colombHouse"]
[Black "Unicorn"]
[Result "1-0"]
[WhiteElo "2170"]
[BlackElo "1354"]

1. d4 c6 2. Nc3 d6 3. e4 Qb6 4. Nf3 h6 5. Be2 Nf6 6. O-O c5 7. Be3 Nc6 8. dxc5
dxc5 9. Nd5 Nxd5 10. exd5 Nd8 11. Ne5 g5 12. b4 Qxb4 13. Rb1 Qe4 14. Bb5+ Nc6
15. dxc6 1-0

[Event "AUTO-OPEN-3946"]
[Site "http://www.queenalice.com/game.php?id=1532479"]
[Date "2018.6.24"]
[Round "1"]
[White "Unicorn"]
[Black "juim"]
[Result "1-0"]
[WhiteElo "1409"]
[BlackElo "1648"]

1. b3 Nc6 2. d4 e6 3. Bf4 d5 4. e3 Bd6 5. Bxd6 Qxd6 6. Nc3 Qb4 7. Ne2 Nf6 8. f3
O-O 9. a3 Qd6 10. Nb5 Qd7 11. a4 a6 12. Nbc3 e5 13. dxe5 Nxe5 14. Qd4 Qe6 15.
Nf4 Qf5 16. O-O-O c6 17. g4 Qg5 18. h4 Nxf3 19. hxg5 Nxd4 20. Rxd4 Bxg4 21. gxf6
g6 22. Nfxd5 Bf3 23. Ne7+ Kh8 24. Rh6 Rfd8 25. Rdh4 Bh5 26. Ne4 Rd1+ 27. Kb2
Rxf1 28. Ng5 Rxf6 29. Rxh7# 1-0

[Event "AUTO-OPEN-3946"]
[Site "http://www.queenalice.com/game.php?id=1532480"]
[Date "2018.6.24"]
[Round "1"]
[White "juim"]
[Black "Unicorn"]
[Result "0-1"]
[WhiteElo "1661"]
[BlackElo "1382"]

1. Nf3 b6 2. e3 Bb7 3. Nd4 d5 4. Bd3 e5 5. Nf5 Qg5 6. Ng3 h5 7. O-O h4 8. Ne2
Bc8 9. b3 Bh3 10. Ng3 hxg3 11. fxg3 Bg4 12. Be2 Bxe2 13. Qxe2 Bc5 14. Rf3 Nc6
15. Nc3 Nf6 16. d4 e4 17. Rf1 Qh6 18. dxc5 Qxh2+ 19. Kf2 Rh3 20. Ke1 Rxg3 21.
Rf2 Ng4 22. Nd1 Nxf2 23. Kd2 Rxg2 24. Qa6 Nxd1+ 25. Kxd1 Qg1+ 0-1

[Event "AUTO-INT-3402"]
[Site "http://www.queenalice.com/game.php?id=1556643"]
[Date "2019.1.14"]
[Round "1"]
[White "CTCHESS2020"]
[Black "Unicorn"]
[Result "0-1"]
[WhiteElo "1666"]
[BlackElo "1453"]

1. e4 e6 2. d4 d6 3. Nf3 d5 4. e5 c5 5. c3 c4 6. Be2 f6 7. exf6 gxf6 8. O-O Qb6
9. Na3 Bxa3 10. bxa3 Qa5 11. Qc2 Bd7 12. Bf4 f5 0-1

[Event "AUTO-INT-3402"]
[Site "http://www.queenalice.com/game.php?id=1556644"]
[Date "2019.1.14"]
[Round "1"]
[White "Unicorn"]
[Black "CTCHESS2020"]
[Result "1-0"]
[WhiteElo "1426"]
[BlackElo "1693"]

1. d4 Nf6 2. g3 g6 3. Bg2 Bg7 4. Nf3 O-O 5. Nc3 d6 6. a4 Nc6 7. O-O e5 8. d5 Ne7
9. e4 c5 10. Qd3 Nh5 11. Nb5 a6 12. g4 1-0

[Event "Alsina-2"]
[Site "http://www.queenalice.com/game.php?id=1582551"]
[Date "2019.9.5"]
[Round "1"]
[White "Unicorn"]
[Black "pokemon"]
[Result "0-1"]
[WhiteElo "1466"]
[BlackElo "1858"]

1. d4 d5 2. a3 e6 3. Nf3 Nf6 4. Nc3 c6 5. Bf4 Bd6 6. Bxd6 Qxd6 7. Na4 Nbd7 8.
Qd3 e5 9. dxe5 Nxe5 10. Qe3 Ng4 11. Qg5 Ng6 12. h3 Nf6 13. Rd1 O-O 14. c4 Qf4
15. Qxf4 Nxf4 16. e3 Ne6 17. c5 Nd7 18. b4 a6 19. Be2 h6 20. O-O Re8 21. Bd3 Nc7
22. Nd4 Nb5 23. Ra1 Ne5 24. Bc2 Nc4 25. Bd3 Nbxa3 26. Bxc4 Nxc4 27. Rfe1 Bd7 28.
Re2 Re7 29. Kh2 Rae8 30. Rae1 Re4 31. Nc3 R4e7 32. g4 Ne5 33. Nd1 Nd3 34. Rg1
Nxb4 35. Rb2 a5 36. Nc3 Bc8 37. Ra1 Nd3 38. Rba2 Nxc5 39. Rxa5 Nd3 40. Kg3 Ne5
41. Nce2 b6 42. R5a4 Bd7 43. Ra6 c5 44. Nc2 Bb5 45. Rxb6 Bxe2 46. Rd6 Bf3 47.
Ne1 Bh1 48. Nc2 Be4 49. Ne1 Re6 50. Rxe6 Rxe6 51. f3 Bd3 52. Rd1 c4 53. f4 Nd7
54. Kf2 Nc5 55. f5 Re5 56. Kf3 Be4+ 57. Kf4 f6 58. Ra1 Kh7 59. Ra5 Nd3+ 60. Nxd3
Bxd3 61. Ra7 c3 62. Rc7 c2 63. Rc3 Be4 64. Kg3 Re7 65. Kf2 Rb7 66. Ke2 Rb3 0-1